LIBRARY ONLINE CATALOGUE

Deep-rooted in Christ : (Record no. 21777)

MARC details
000 -LEADER
fixed length control field 01525cam a2200361 a 4500
001 - CONTROL NUMBER
control field 14917768
003 - CONTROL NUMBER IDENTIFIER
control field OSt
005 - DATE AND TIME OF LATEST TRANSACTION
control field 20260703151008.0
008 - FIXED-LENGTH DATA ELEMENTS--GENERAL INFORMATION
fixed length control field 070706s2007 ilua 000 0 eng
010 ## - LIBRARY OF CONGRESS CONTROL NUMBER
LC control number 2007026750
020 ## - INTERNATIONAL STANDARD BOOK NUMBER
International Standard Book Number 9780830835119
Qualifying information pbk. : alk. paper
020 ## - INTERNATIONAL STANDARD BOOK NUMBER
International Standard Book Number 0830835113
Qualifying information pbk. : alk. paper
035 ## - SYSTEM CONTROL NUMBER
System control number 14917768
035 ## - SYSTEM CONTROL NUMBER
System control number (OCoLC)154677433
040 ## - CATALOGING SOURCE
Original cataloging agency DLC
Transcribing agency DLC
Modifying agency YDX
-- BAKER
-- BTCTA
-- YDXCP
-- DLC
050 00 - LIBRARY OF CONGRESS CALL NUMBER
Classification number BV4511
Item number .K35 2007
082 00 - DEWEY DECIMAL CLASSIFICATION NUMBER
Classification number 248.4
Edition number 22
100 1# - MAIN ENTRY--PERSONAL NAME
Personal name Kang, Joshua Choonmin.
245 10 - TITLE STATEMENT
Title Deep-rooted in Christ :
Remainder of title the way of transformation /
Statement of responsibility, etc. Joshua Choonmin Kang ; foreword by Richard Foster.
260 ## - PUBLICATION, DISTRIBUTION, ETC. (IMPRINT)
Place of publication, distribution, etc. Downers Grove, Ill. :
Name of publisher, distributor, etc. IVP Books,
Date of publication, distribution, etc. c2007.
300 ## - PHYSICAL DESCRIPTION
Extent 173 p. :
Other physical details ill. ;
Dimensions 21 cm.
336 ## - CONTENT TYPE
Content type term text
Content type code txt
Source rdacontent
337 ## - MEDIA TYPE
Media type term unmediated
Media type code n
Source rdamedia
338 ## - CARRIER TYPE
Carrier type term volume
Carrier type code nc
Source rdacarrier
505 0# - FORMATTED CONTENTS NOTE
Formatted contents note Beginning -- Becoming rooted in Jesus -- Growing in grace -- Wilderness-- a preparation -- Soul caring -- Ways to fruitfulness -- Righteousness has a heart -- Way of transformation.
583 ## - ACTION NOTE
Action Cataloguing:
Time/date of action 20260703
Action agent gtanuigtanui
650 #0 - SUBJECT ADDED ENTRY--TOPICAL TERM
Topical term or geographic name as entry element Spiritual formation.
856 41 - ELECTRONIC LOCATION AND ACCESS
Materials specified Table of contents only
Uniform Resource Identifier <a href="http://www.loc.gov/catdir/toc/ecip0721/2007026750.html">http://www.loc.gov/catdir/toc/ecip0721/2007026750.html</a>
906 ## - LOCAL DATA ELEMENT F, LDF (RLIN)
a 7
b cbc
c orignew
d 1
e ecip
f 20
g y-gencatlg
942 ## - ADDED ENTRY ELEMENTS (KOHA)
Source of classification or shelving scheme Library of Congress Classification
Koha item type General Collection
Holdings
Withdrawn status Lost status Source of classification or shelving scheme Not for loan Home library Current library Shelving location Date acquired Source of acquisition Inventory number Total Checkouts Full call number Barcode Date last seen Copy number Price effective from Koha item type
    Library of Congress Classification   Kabarak, Main Campus Kabarak, Main Campus General Stacks 03/07/2026 Donation 2026/4416   BV4511 .K35 2007 C.1 37966 03/07/2026 C.1 03/07/2026 General Collection